[Event "Erfurt op (Women)"]
[Site "Erfurt"]
[Date "2017.08.04"]
[Round "8"]
[White "Mundt, Alexandra"]
[Black "Vyas, Arya Ajay"]
[Result "1-0"]
[WhiteElo "1563"]
[BlackElo "1285"]
[PlyCount "59"]
[EventDate "2017.07.31"]
[EventType "swiss"]
[EventRounds "9"]
[EventCountry "GER"]
[SourceTitle "CBM 179 Extra"]
[Source "ChessBase"]
[SourceDate "2017.08.23"]
[SourceVersion "1"]
[SourceVersionDate "2017.08.23"]
[SourceQuality "1"]

1. e4 d5 2. exd5 Nf6 3. Bb5+ Bd7 4. Bc4 Bg4 5. f3 Bf5 6. g4 Bg6 7. Nc3 Nbd7 8. d4 Nb6 9. Bb3 Nfxd5 10. Nxd5 Nxd5 11. Ne2 e6 12. h4 h5 13. g5 Bd6 14. Bd2 Qe7 15. a3 c6 16. c4 Nc7 17. c5 Bxc5 18. dxc5 Qxc5 19. Bb4 Qe3 20. Qd6 Nd5 21. Bxd5 exd5 22. Bc5 Rd8 23. Qxd8+ Kxd8 24. Bxe3 Re8 25. Bxa7 Bd3 26. Rh2 Kc7 27. Bd4 g6 28. Kd2 Bxe2 29. Rxe2 Rxe2+ 30. Kxe2 1-0

[Event "Erfurt op (Women)"]
[Site "Erfurt"]
[Date "2017.07.31"]
[Round "2"]
[White "Hagenbeck Huebert, Lara"]
[Black "Vyas, Arya Ajay"]
[Result "1-0"]
[WhiteElo "1694"]
[BlackElo "1285"]
[PlyCount "61"]
[EventDate "2017.07.31"]
[EventType "swiss"]
[EventRounds "9"]
[EventCountry "GER"]
[SourceTitle "CBM 179 Extra"]
[Source "ChessBase"]
[SourceDate "2017.08.23"]
[SourceVersion "1"]
[SourceVersionDate "2017.08.23"]
[SourceQuality "1"]

1. d4 d5 2. Bf4 Bf5 3. Nf3 Nf6 4. e3 e6 5. Bd3 Bg4 6. Nbd2 Bd6 7. Bg3 Nbd7 8. c3 e5 9. dxe5 Bxe5 10. Bxe5 Nxe5 11. Be2 Bxf3 12. Nxf3 Nxf3+ 13. Bxf3 0-0 14. 0-0 Re8 15. Qb3 Rb8 16. Rfd1 c6 17. c4 dxc4 18. Rxd8 cxb3 19. Rxb8 Rxb8 20. axb3 a6 21. Rd1 g6 22. g4 Kg7 23. Rd4 c5 24. Rd6 b6 25. g5 Ne8 26. Rd7 Rc8 27. Rb7 b5 28. Ra7 Nc7 29. Bg4 Ne6 30. Bxe6 a5 31. Bxc8 1-0